[Event "CFriend SH-2004-0-00023 email"]
[Site "Chessfriend.com"]
[Date "2004.08.02"]
[Round "1"]
[White "Lopez, Antonio"]
[Black "Howard, Paul G"]
[Result "1/2-1/2"]
[WhiteElo "2123"]
[BlackElo "2074"]
[PlyCount "34"]
[EventDate "2004.08.02"]
[EventType "tourn (corr)"]
[EventRounds "12"]
[SourceTitle "Corr 2008"]
[Source "ChessBase"]
[SourceDate "2008.06.24"]
[SourceVersion "1"]
[SourceVersionDate "2008.06.24"]
[SourceQuality "1"]

1. d4 Nf6 2. c4 e6 3. Nf3 b6 4. a3 Bb7 5. Nc3 d5 6. cxd5 Nxd5 7. e3 Nd7 8. Bd3 Nxc3 9. bxc3 c5 10. e4 Be7 11. 0-0 Qc7 12. Be3 0-0 13. Nd2 Rac8 14. a4 Rfd8 15. Qe2 Nf6 16. Rfb1 Nd7 17. f4 Nf6 1/2-1/2

[Event "CFriend SH-2004-0-00023 email"]
[Site "Chessfriend.com"]
[Date "2004.08.02"]
[Round "?"]
[White "Lopez, Antonio"]
[Black "Myers, David Robert"]
[Result "0-1"]
[WhiteElo "1997"]
[BlackElo "2317"]
[PlyCount "50"]
[EventDate "2004.08.02"]
[EventType "tourn (corr)"]
[EventRounds "12"]
[SourceTitle "Corr 2008"]
[Source "ChessBase"]
[SourceDate "2008.06.24"]
[SourceVersion "1"]
[SourceVersionDate "2008.06.24"]
[SourceQuality "1"]

1. d4 e6 2. e4 d5 3. e5 c5 4. c3 Qb6 5. Nf3 Nc6 6. a3 Bd7 7. b4 cxd4 8. cxd4 Rc8 9. Be3 Nh6 10. Bd3 Ng4 11. 0-0 Be7 12. Nbd2 Nxe3 13. fxe3 Nb8 14. Rc1 0-0 15. Qe2 Rxc1 16. Rxc1 Rc8 17. Rxc8+ Bxc8 18. Nb1 Qc7 19. Qd2 a5 20. bxa5 Nc6 21. Qc2 h6 22. Bb5 Bd7 23. Qc3 Qd8 24. a4 Bb4 25. a6 Bxc3 0-1

[Event "CFriend AP-2004-Q-00003 email"]
[Site "Chessfriend.com"]
[Date "2004.02.04"]
[Round "?"]
[White "Lopez, Antonio"]
[Black "Bulgarini Torre, Marco"]
[Result "1/2-1/2"]
[WhiteElo "1947"]
[BlackElo "2069"]
[PlyCount "40"]
[EventDate "2004.??.??"]
[EventType "tourn (corr)"]
[EventRounds "12"]
[SourceTitle "Corr 2008"]
[Source "ChessBase"]
[SourceDate "2008.06.24"]
[SourceVersion "1"]
[SourceVersionDate "2008.06.24"]
[SourceQuality "1"]

1. e4 c5 2. Nf3 Nf6 3. e5 Nd5 4. Nc3 Nxc3 5. dxc3 e6 6. Bf4 Nc6 7. Qe2 Qc7 8. Qe3 h6 9. Be2 Ne7 10. Rd1 Nd5 11. Qd2 Nxf4 12. Qxf4 Be7 13. 0-0 0-0 14. c4 b6 15. Bd3 Bb7 16. Be4 Bxe4 17. Qxe4 d6 18. exd6 Bxd6 19. Rd3 Rad8 20. Rfd1 Be7 1/2-1/2

[Event "CFriend AP-2004-Q-00003 email"]
[Site "Chessfriend.com"]
[Date "2004.02.04"]
[Round "1"]
[White "Nikel, Bogdan"]
[Black "Lopez, Antonio"]
[Result "1-0"]
[WhiteElo "2289"]
[BlackElo "2123"]
[PlyCount "141"]
[EventDate "2004.??.??"]
[EventType "tourn (corr)"]
[EventRounds "12"]
[SourceTitle "Corr 2024"]
[Source "ChessBase"]
[SourceDate "2023.10.19"]
[SourceVersion "1"]
[SourceVersionDate "2023.10.19"]
[SourceQuality "1"]

1. e4 c5 2. Nf3 d6 3. d4 cxd4 4. Nxd4 Nf6 5. Nc3 a6 6. Bg5 e6 7. f4 Be7 8. Qf3 Qa5 9. 0-0-0 Bd7 10. e5 dxe5 11. fxe5 Nc6 12. Nf5 exf5 13. exf6 gxf6 14. Bf4 Be6 15. Nd5 Ne5 16. Qb3 b5 17. Bd2 Bxd5 18. Qxd5 Qd8 19. Qb3 Qb6 20. Qh3 Qe6 21. Kb1 f4 22. Qh6 0-0-0 23. Qxf4 Qg4 24. Bd3 Qxf4 25. Bxf4 Nxd3 26. cxd3 Rd7 27. Rhf1 h5 28. g3 Bd8 29. Rf3 Re8 30. d4 Re2 31. Rc3+ Kb7 32. Rc2 Re4 33. d5 Bb6 34. Rcd2 f5 35. Rd3 h4 36. a3 hxg3 37. hxg3 Bc7 38. d6 Bb8 39. Rd5 Re6 40. Rxf5 Kc6 41. Rc1+ Kb7 42. Be5 Kb6 43. Rcf1 Kc6 44. Kc1 Bxd6 45. Bxd6 Rexd6 46. Rxf7 Rg6 47. Rxd7 Kxd7 48. Rf3 Rg4 49. Re3 Kd6 50. Kd2 Kd5 51. Ke2 Kd4 52. Kf2 Rg8 53. Re1 a5 54. Kf3 Rf8+ 55. Kg2 Rg8 56. Rf1 Ke5 57. Rf3 Ke4 58. Rf4+ Ke5 59. Rh4 Rg5 60. Kh3 Kd6 61. Rh6+ Kd7 62. Kh4 Rd5 63. Rh5 Rd4+ 64. g4 Kc6 65. Rf5 Rd2 66. b3 Rh2+ 67. Kg3 Rb2 68. Rf3 a4 69. bxa4 bxa4 70. g5 Rb1 71. Rf4 1-0